000 00394nam a2200169Ia 4500
001 19200
003 GE_BSU
008 181216s||||||||xx |||||||||||||| ||und||
040 _cGE_BSU
245 _aParis Match, №3508 du 11 AU 18 aout .2016
260 _aParis
260 _c2016
300 _a115p;ill;30cm
653 _aParis Match
653 _aპერიოდიკა
942 _cCR
999 _c52192
_d52192